[Event "Santo Domingo La Raza op"]
[Site "Santo Domingo"]
[Date "2015.10.20"]
[Round "6"]
[White "Brito Rondon, Enmanuel De Jesus"]
[Black "Batlle Ysa, Rafael Jorge"]
[Result "1/2-1/2"]
[WhiteElo "1925"]
[BlackElo "1894"]
[PlyCount "102"]
[EventDate "2015.10.12"]
[EventType "swiss"]
[EventRounds "8"]
[EventCountry "DOM"]
[SourceTitle "CBM 169 Extra"]
[Source "ChessBase"]
[SourceDate "2015.12.18"]
[SourceVersion "1"]
[SourceVersionDate "2015.12.18"]
[SourceQuality "1"]

1. c4 e6 2. Nc3 d5 3. cxd5 exd5 4. g3 Nf6 5. Bg2 g6 6. d3 Bg7 7. Bg5 c6 8. e4 dxe4 9. dxe4 Qa5 10. Qd2 h6 11. Bf4 Be6 12. Nge2 Na6 13. 0-0 Rd8 14. Qc1 g5 15. Be3 Ng4 16. Bd2 Qc7 17. Nd1 0-0 18. Ne3 Nxe3 19. Bxe3 Nb4 20. Nc3 Nd3 21. Qc2 Qa5 22. Rad1 Nxb2 23. Qxb2 Qxc3 24. Qxb7 Rxd1 25. Rxd1 Qc2 26. Rc1 Qxa2 27. Qxa7 Qxa7 28. Bxa7 Rc8 29. f4 Bb2 30. Rc2 Ba1 31. e5 Bd7 32. Be4 f6 33. exf6 Bxf6 34. fxg5 Bxg5 35. Kf2 Kf7 36. h4 Be7 37. Be3 Bf8 38. Bf3 Bg7 39. g4 Ke7 40. g5 hxg5 41. hxg5 Be5 42. Be4 Rf8+ 43. Kg2 Rh8 44. Kg1 Kd6 45. Bc5+ Kc7 46. g6 Rh4 47. Re2 Rg4+ 48. Kf2 Rf4+ 49. Ke3 Rg4 50. Kf2 Rg3 51. Rd2 Be6 1/2-1/2